000 00367nam a2200145Ia 4500
005 20251222154420.0
008 251222s9999||||xx |||||||||||||| ||spa||
020 _a8403095090
082 _a158.1/R78
100 _aRojas Marcos, Luis
245 0 _aNuestra incierta Vida Normal
250 _a1ra.ed.
264 _bSantillana Ediciones Generales, S.L.
942 _cLIB
999 _c36011
_d36011